Paises con una única frontera terrestre - Estadísticas

Estadísticas generales
  • Esta prueba ha sido intentada 37 veces
  • La puntuación promedio es 11 de 16
Estadísticas de respuestas
Respuesta % Correcto
PORTUGAL
97%
CIUDAD DEL VATICANO
86%
SAN MARINO
86%
IRLANDA
83%
LESOTO
80%
COREA DEL SUR
77%
MONACO
71%
PAPUA NUEVA GUINEA
71%
HAITI
66%
REINO UNIDO
66%
BRUNEI
63%
CATAR
63%
GAMBIA
63%
REPUBLICA DOMINICANA
63%
TIMOR ORIENTAL
63%
CHIPRE
26%
No se encontraron pruebas coincidentes
Distribución de puntuación
Porcentaje de gente con cada puntuación
Porcentaje por número respondido
Historial de tus puntuaciones
No has intentado esta prueba.